| 000 | 04932naa a2200493 4500 | ||
|---|---|---|---|
| 005 | 2009100302472.0 | ||
| 010 | _aB-359171 B-452959-978 | ||
| 020 |
_a8178242710 _c295.00 |
||
| 020 |
_a9788178242712 _c295.00 |
||
| 035 | _aB-359171 B-452959-978 | ||
| 037 | _bPansy Books | ||
| 037 | _bK.K.Pub/Ven | ||
| 082 | _a791.4370954 | ||
| 100 |
_aMazumdr, Ranjani _945502 |
||
| 245 |
_aBombay cinema: _ban archive of the city/ _cby Ranjani Mazumdar |
||
| 260 |
_aRanikhet _bPermanent Black _c2009 |
||
| 270 |
_aHimalayana Mall Raod, Ranikhet Cantt., _bRanikhet _e263645 |
||
| 300 |
_axxxvii, 257p.: _c23cm(Hb) _bb&w photos |
||
| 500 | _aIncludes bibliographical references & index | ||
| 942 |
_adpl _cEN _2ddc _h791.4370954 _mMAZ |
||
| 999 |
_c30753 _d30753 |
||